The Netherlands & Germany (Record no. 6901)

MARC details
000 -CABECERA
campo de control de longitud fija 00639nam a2200229 a 4500
001 - NÚMERO DE CONTROL
campo de control BRCA_7220
005 - FECHA Y HORA DE LA ÚLTIMA TRANSACCIÓN
campo de control 20190320205745.0
008 - DATOS DE LONGITUD FIJA--INFORMACIÓN GENERAL
campo de control de longitud fija 170112s1940----u--af#####---#000-0#eng-#
041 ## - CÓDIGO DE LENGUA
Código de lengua del texto/banda sonora o título independiente eng
044 ## - CÓDIGO DEL PAÍS DE LA ENTIDAD EDITORA/PRODUCTORA
Código MARC del país u
050 #4 - SIGNATURA TOPOGRÁFICA DE LA BIBLIOTECA DEL CONGRESO
Número de clasificación N6931
Número de documento/Ítem .MN47
245 10 - MENCIÓN DE TÍTULO
Título The Netherlands & Germany
Mención de responsabilidad, etc. Powers
260 ## - PUBLICACIÓN, DISTRIBUCIÓN, ETC.
Lugar de publicación, distribución, etc. Newton, Mass
Nombre del editor, distribuidor, etc. The University Prints
Fecha de publicación, distribución, etc. [1940]
300 ## - DESCRIPCIÓN FÍSICA
Extensión 1 estuche con láminas
Otras características físicas il., 519 láminas
Dimensiones 21 cm.
440 #0 - MENCIÓN DE SERIE/PUNTO DE ACCESO ADICIONAL--TÍTULO
Título University Prints. Student series
Designación de volumen o secuencia D
9 (RLIN) 17890
500 ## - NOTA GENERAL
Nota general P116
650 14 - PUNTO DE ACCESO ADICIONAL DE MATERIA--TÉRMINO DE MATERIA
Término de materia o nombre geográfico como elemento de entrada Arte
Subdivisión geográfica Paises Bajos
9 (RLIN) 17891
650 14 - PUNTO DE ACCESO ADICIONAL DE MATERIA--TÉRMINO DE MATERIA
Término de materia o nombre geográfico como elemento de entrada Arte
Subdivisión geográfica Alemania
9 (RLIN) 17892
700 1# - PUNTO DE ACCESO ADICIONAL--NOMBRE DE PERSONA
Nombre de persona Powers
Término indicativo de función/relación ed.
9 (RLIN) 17893
902 ## - CATALOGADOR
Iniciales GFM
942 ## - ELEMENTOS DE PUNTO DE ACCESO ADICIONAL (KOHA)
Fuente del sistema de clasificación o colocación Library of Congress Classification
Tipo de ítem Koha Libros
Holdings
Estado de retiro Estado de pérdida Estado dañado No para préstamo Localización permanente Ubicación/localización actual Fecha de adquisición Número de inventario Total de préstamos Signatura topográfica completa Código de barras Fecha visto por última vez Precio válido a partir de Tipo de ítem Koha
El ejemplar forma parte de la colección y puede ser consultado según las políticas vigentes.       Biblioteca del Museo Franz Mayer (Rogerio Casas-Alatriste) Biblioteca del Museo Franz Mayer (Rogerio Casas-Alatriste) 18/01/2012 P116   N6931 .MN47 (P116) 7678 22/03/2019 22/03/2019 Libros